UBT Library

DYNAMIC BUSINESS LAW (Record no. 58452)

000 -LEADER
fixed length control field 00311nam a22001457a 4500
008 - FIXED-LENGTH DATA ELEMENTS--GENERAL INFORMATION
fixed length control field 221010b ||||| |||| 00| 0 eng d
020 ## - INTERNATIONAL STANDARD BOOK NUMBER
International Standard Book Number 9780078023781
041 ## - LANGUAGE CODE
Language code of text/sound track or separate title eng
080 ## - UNIVERSAL DECIMAL CLASSIFICATION NUMBER
Universal Decimal Classification number 34
082 ## - DEWEY DECIMAL CLASSIFICATION NUMBER
Classification number 34 KUB
100 ## - Rafti
Rafti 31.2
101 ## - Shkurtesa
Shkurtesa JUR
245 ## - TITLE STATEMENT
Title DYNAMIC BUSINESS LAW
Statement of responsibility, etc KUBASEK
942 ## - ADDED ENTRY ELEMENTS (KOHA)
Source of classification or shelving scheme
Item type Books
Holdings
Withdrawn status Lost status Source of classification or shelving scheme Damaged status Not for loan Collection code Permanent location Current location Date acquired Total Checkouts Full call number Barcode Date last seen Price effective from Koha item type
          Koleksioni i përgjithshem UBT - Lipjan UBT - Lipjan 10/10/2022   34 KUB 002-800028700236 10/10/2022 10/10/2022 Books
          Koleksioni i përgjithshem UBT - Lipjan UBT - Lipjan 10/10/2022   34 KUB 002-800028700237 10/10/2022 10/10/2022 Books
          Koleksioni i përgjithshem UBT - Lipjan UBT - Lipjan 10/19/2022   34 KUB 002-800028700260233 10/19/2022 10/19/2022 Books
          Koleksioni i përgjithshem UBT - Lipjan UBT - Lipjan 10/19/2022   34 KUB 002-800028700260234 10/19/2022 10/19/2022 Books
          Koleksioni i përgjithshem UBT - Lipjan UBT - Lipjan 10/19/2022   34 KUB 002-800028700260235 10/19/2022 10/19/2022 Books
UBT Library © 2015-2024. All rights reserved University Education for Business and Technology